Icing on the cakes : baking and decorating simple, stunning desserts at home
| Main Author: | |
|---|---|
| Format: | Book |
| Published: |
New York :
Abrams The Art of Books ,
2019
|
| Subjects: |
MARC
| LEADER | 00000cam a2200000 7i4500 | ||
|---|---|---|---|
| 001 | 0000242579 | ||
| 005 | 20201204111323.0 | ||
| 020 | |a 9781419734632 | ||
| 090 | 0 | 0 | |a 641.8653 |b HUF |
| 100 | 1 | |a Huff, Tessa | |
| 245 | 1 | 0 | |a Icing on the cakes : |b baking and decorating simple, stunning desserts at home |c Tessa Huff |
| 260 | |a New York : |b Abrams The Art of Books , |c 2019 | ||
| 300 | |a 287p. : |b col. photos ; |c 26cm. | ||
| 650 | 0 | |a Baking | |
| 650 | 0 | |a Cake decorating | |
| 999 | |a 00380820 |b BUKU |c PINJAMAN |e PERPUSTAKAAN KOMUNITI PETALING JAYA | ||